| 000 | 00730nam a2200205Ia 4500 | ||
|---|---|---|---|
| 005 | 20241129111009.0 | ||
| 008 | 241129s9999||||xx |||||||||||||| ||und|| | ||
| 037 | _aTB | ||
| 040 |
_aCRL _bpun _cCRL |
||
| 041 |
_apun _2pun |
||
| 084 |
_aQ8441xK66 153R2 _qCRL |
||
| 100 |
_aਗੁਲFਨ, ਗੁਰਬ॥F ਸਿੰਘ, ਂਚ। _9726284 |
||
| 245 | 0 |
_aਗ਼ਖ਼ਰਨਾਮਹ ਦਰਪਣ: ਅਰਥ ਅਤੇ ਵਿਆਖਿਆ _cਗੁਲFਨ, ਗੁਰਬ॥F ਸਿੰਘ, ਂਚ। |
|
| 260 |
_aDelhi, Bharat _bDelhi Singh brothers _c2022 |
||
| 300 | _a310ਪ੍ਰ0 | ||
| 365 |
_aINR _b500 |
||
| 650 |
_aਸਿੱਖ ਧਰਮ _9156314 |
||
| 942 |
_cTB _hQ8441xK66 153R2 |
||
| 999 |
_c1228460 _d1228460 |
||